Tennis / (Record no. 129055)

MARC details
000 -LEADER
fixed length control field 00754nam a22002657a 4500
003 - CONTROL NUMBER IDENTIFIER
control field dpl
005 - DATE AND TIME OF LATEST TRANSACTION
control field 20180626142936.0
008 - FIXED-LENGTH DATA ELEMENTS--GENERAL INFORMATION
fixed length control field 180626b xxu||||| |||| 00| 0 eng d
010 ## - LIBRARY OF CONGRESS CONTROL NUMBER
LC control number A-945212
020 ## - INTERNATIONAL STANDARD BOOK NUMBER
Terms of availability 00.00
International Standard Book Number 8171414540
035 ## - SYSTEM CONTROL NUMBER
System control number A-945212, A-945230
037 ## - SOURCE OF ACQUISITION
Source of stock number/acquisition BPPD/PUB
040 ## - CATALOGING SOURCE
Original cataloging agency DPL
Language of cataloging EN
Transcribing agency 0
082 ## - DEWEY DECIMAL CLASSIFICATION NUMBER
Classification number 796.342
Item number DUB
100 ## - MAIN ENTRY--PERSONAL NAME
Personal name Dubey, H.C.
9 (RLIN) 25239
245 ## - TITLE STATEMENT
Title Tennis /
Statement of responsibility, etc by H.C. Dubey
260 ## - PUBLICATION, DISTRIBUTION, ETC. (IMPRINT)
Place of publication, distribution, etc New Delhi
Name of publisher, distributor, etc Discovery Publishing House
Date of publication, distribution, etc 1999
270 ## - ADDRESS
Address 4831/24, Ansari Road, Daryaganj
City New Delhi
Postal code 110092
300 ## - PHYSICAL DESCRIPTION
Extent 250p.
Dimensions 20cm(Hb)
490 ## - SERIES STATEMENT
Series statement DPH sports series
500 ## - GENERAL NOTE
General note Includes index.
650 ## - SUBJECT ADDED ENTRY--TOPICAL TERM
Topical term or geographic name as entry element Sports
9 (RLIN) 25240
650 ## - SUBJECT ADDED ENTRY--TOPICAL TERM
Topical term or geographic name as entry element Tennis
9 (RLIN) 25241
942 ## - ADDED ENTRY ELEMENTS (KOHA)
Source of classification or shelving scheme Dewey Decimal Classification
Koha item type English Books
Classification part 796.342
Call number suffix DUB
Holdings
Withdrawn status Lost status Damaged status Not for loan Home library Current library Date acquired Source of acquisition Cost, normal purchase price Total Checkouts Full call number Barcode Date last seen Copy number Cost, replacement price Price effective from Koha item type Public note Source of classification or shelving scheme Collection code
Written off       Central Library Central Library 04/07/2015 Cen Lib/Ret 0.00   796.342 DUB A-945212 04/07/2015 1 0.00 04/07/2015 English Books Written off on approval by DLB (By Circulation); dtd 15-06-2023    
        Sarojini Nagar Sarojini Nagar 10/05/2019       796.342 DUB A-945227 10/05/2019     10/05/2019 English Books   Dewey Decimal Classification Non-fiction
        Shahdara Branch Shahdara Branch 26/06/2018 BPPD/PUB 0.00   796.342 DUB   26/06/2018   0.00 26/06/2018 English Books   Dewey Decimal Classification Non-fiction
        Shahdara Branch Shahdara Branch 26/06/2018 BPPD/PUB 0.00   796.342 DUB A-945230 26/06/2018   0.00 26/06/2018 English Books   Dewey Decimal Classification  

© Delhi Public Library
Hit Counter
free hit counter